| 000 | 01240nam a2200205Ia 4500 | ||
|---|---|---|---|
| 999 |
_c9612 _d9612 |
||
| 005 | 20241021132937.0 | ||
| 008 | 231003s9999 xx 000 0 und d | ||
| 020 | _a978-607-744-991-1 | ||
| 040 |
_aUPAN _cBiblioteca San Vicente _eRCAA2 |
||
| 041 | _aspa | ||
| 082 |
_a177 _bP661e _c2019 |
||
| 100 |
_aPiña Osorio, Juan Manuel _4aut. |
||
| 245 | 0 | _aÉtica 1 | |
| 260 |
_aMéxico: _bPatria, _c2019 |
||
| 300 |
_a119 p.; _c28 cm. |
||
| 505 | _a1: La ética como disciplina filosófica. 1.1 Origen de la ética y su relación con la filosofía. 1.2 Diferencia entre ética y moral 1.3 Relación de la ética con la axiología y la estética 1.4 Principales escuelas éticas del pensamiento filosófico. 2: Axiología y ética. 2.1 Valores y antivalores. 2.2 Juicios valorativos. 2.3 Jerarquía de los valores 2.4 Tipos de actos morales. 2.5 Códigos morales del pasado. 3: La ética en diversos contextos. 3.1 Tipos de normas. 3.2 Contexto individual 3.3 Contexto familiar. 3.4 Contexto social. 4: Derechos humanos y democracia. 4.1 Derechos humanos 4.2 Formas de gobierno y democracia. | ||
| 650 |
_2LEMB _xÉtica |
||
| 700 |
_aChavez Arellano, María Eugenia. _4aut. |
||
| 942 |
_cBK _2ddc |
||